Competition and efficiency in publicly funded services

Salvato in:
Dettagli Bibliografici
Autore principale: Lundsgaard, Jens
Natura: Libro
Lingua:inglese
Pubblicazione: Paris OECD 2002
Serie:Economics department working papers No. 331
Soggetti:
Tags: Aggiungi Tag
Nessun Tag, puoi essere il primo ad aggiungerne!!

MARC

LEADER 00000nam a2200000 4500
001 0024760
005 20240223110056.0
041 0 |a eng 
044 |a FR 
245 1 0 |a Competition and efficiency in publicly funded services  |c by Jens Lundsgaard 
264 1 |a Paris  |b OECD  |c 2002 
300 |a 68 s. 
490 1 |a Economics department working papers  |v No. 331 
830 0 |a Economics department working papers  |v No. 331 
610 2 0 |a výdavky verejné 
610 2 0 |a služby verejné 
610 2 0 |a financie verejné 
610 2 0 |a konkurencia 
610 2 0 |a efektívnosť 
610 2 0 |a porovnanie medzinárodné 
610 2 0 |a porovnanie štatistické medzinárodné 
610 2 0 |a vzdelávanie 
100 1 |a Lundsgaard, Jens